World Capitals Closest to Baku - 30 Second Sprint - Statistics

General Stats
  • This quiz has been taken 41 times
  • The average score is 7 of 20
Answer Stats
km capital miles % Correct
447 Tbilisi 278
94%
1445 Ankara 898
91%
457 Yerevan 284
91%
542 Tehran 337
76%
929 Baghdad 577
58%
1430 Damascus 889
45%
779 Ashgabat 484
39%
1630 Tashkent 1013
27%
1562 Amman 971
24%
1465 Beirut 910
24%
1628 Jerusalem 1012
24%
1562 Nicosia 970
24%
1691 Doha 1051
21%
1240 Kuwait City 771
21%
1580 Manama 982
18%
1742 Riyadh 1082
15%
1635 Dushanbe 1016
12%
1850 Abu Dhabi 1149
9%
1824 Kabul 1133
9%
1836 Chișinău 1141
3%
No matching quizzes found
Score Distribution
Percent of People with Each Score
Percentile by Number Answered
Your Score History
You have not taken this quiz